书目信息 |
| 题名: |
触点即战略
|
|
| 作者: | 郭鸿翔 著 | |
| 分册: | ||
| 出版信息: | 北京 中华工商联合出版社 2020.04 |
|
| 页数: | 245页 | |
| 开本: | 24cm | |
| 丛书名: | ||
| 单 册: | ||
| 中图分类: | F407.77 | |
| 科图分类: | ||
| 主题词: | 制药工业--zhi yao gong ye--工业企业管理--研究 | |
| 电子资源: | ||
| ISBN: | 978-7-5158-2669-1 | |
| 000 | 00962nam0 2200253 450 | |
| 001 | CAL 0120202968837 | |
| 005 | 20230217093113.0 | |
| 010 | @a978-7-5158-2669-1@dCNY48.00 | |
| 100 | @a20200403d2020 em y0chiy0120 ea | |
| 101 | 0 | @achi |
| 102 | @aCN@b110000 | |
| 105 | @aa z 000yy | |
| 106 | @ar | |
| 200 | 1 | @a触点即战略@Achu dian ji zhan lue@e医药企业业绩倍增密码@f郭鸿翔著 |
| 210 | @a北京@c中华工商联合出版社@d2020.04 | |
| 215 | @a245页@c图@d24cm | |
| 314 | @a郭鸿翔, 北京红硕企业管理咨询有限公司总经理。 | |
| 330 | @a本书主要讲述医药企业如何提升业绩的方法体系, 从根本解决业绩增长的各种难题。通过定位找到触点, 衍生出模式, 一步步将模式背后的逻辑深挖, 将方法论与执行落地无缝衔接。 | |
| 517 | 1 | @a医药企业业绩倍增密码@Ayi yao qi ye ye ji bei zeng mi ma |
| 606 | 0 | @a制药工业@Azhi yao gong ye@x工业企业管理@x研究 |
| 690 | @aF407.77@v5 | |
| 701 | 0 | @a郭鸿翔@Aguo hong xiang@4著 |
| 801 | 0 | @aCN@bBJXHZP@c20230228 |
| 905 | @b1405280-3@dF407.77@e234@f4 | |
| 触点即战略:医药企业业绩倍增密码/郭鸿翔著.-北京:中华工商联合出版社,2020.04 |
| 245页:图;24cm |
| ISBN 978-7-5158-2669-1:CNY48.00 |
| 本书主要讲述医药企业如何提升业绩的方法体系, 从根本解决业绩增长的各种难题。通过定位找到触点, 衍生出模式, 一步步将模式背后的逻辑深挖, 将方法论与执行落地无缝衔接。 |
| ● |
| 相关链接 |
|
|
|
|
正题名:触点即战略
索取号:F407.77/234
 
预约/预借
| 序号 | 登录号 | 条形码 | 馆藏地/架位号 | 状态 | 备注 |
| 1 | 1405280 | 214052807 | 第一样本阅览室/ [索取号:F407.77/234] | 在馆 | |
| 2 | 1405281 | 214052816 | 第一借阅区/ [索取号:F407.77/234] | 在馆 | |
| 3 | 1405282 | 214052825 | 第一借阅区/ [索取号:F407.77/234] | 在馆 | |
| 4 | 1405283 | 214052834 | 第一借阅区/ [索取号:F407.77/234] | 在馆 |